LEADER 03971nam 22007212 450 001 9910784197403321 005 20230617035036.0 010 $a1-280-85909-1 010 $a9786610859092 010 $a1-4294-2632-2 010 $a90-474-0419-X 010 $a1-4337-0548-6 024 7 $a10.1163/9789047404194 035 $a(CKB)1000000000335036 035 $a(EBL)280450 035 $a(OCoLC)476023548 035 $a(SSID)ssj0000186271 035 $a(PQKBManifestationID)11174727 035 $a(PQKBTitleCode)TC0000186271 035 $a(PQKBWorkID)10217963 035 $a(PQKB)10165561 035 $a(MiAaPQ)EBC280450 035 $a(Au-PeEL)EBL280450 035 $a(CaPaEBR)ebr10171656 035 $a(CaONFJC)MIL85909 035 $a(OCoLC)437175207 035 $a(OCoLC)182530381 035 $a(nllekb)BRILL9789047404194 035 $a(EXLCZ)991000000000335036 100 $a20200716d2005 uy 0 101 0 $aeng 135 $aur|n|---||||| 181 $ctxt 182 $cc 183 $acr 200 02$aA Journey to Palmyra $eCollected Essays to Remember Delbert R. Hillers /$fedited by Eleonora Cussini 210 1$aLeiden; $aBoston :$cBRILL,$d2005. 215 $a1 online resource (280 p.) 225 1 $aCulture and History of the Ancient Near East ;$v22 300 $aDescription based upon print version of record. 311 $a90-04-12418-7 320 $aIncludes bibliographical references and index. 327 $aThe Sacred Banquets at Palmyra and the Functions of the Tesserae: Reflections on the Tokens Found in the Arsu Temple (Khaled al-As'ad, Franc?oise Briquel-Chatonnet, Jean-Baptiste Yon); Greek and Latin Words in Palmyrene Inscriptions: A Comparison with Syriac (Sebastian P. Brock); Beyond the Spindle: Investigating the Role of Palmyrene Women (Eleonora Cussini); The City of the Dead (Michal Gawlikowski); Variation in the Palmyrene Honorific Inscriptions (Agustinus Gianto); Three New Palmyrene Inscriptions (Andrew D. Gross) 327 $aLexicographical and Grammatical Notes on the Palmyrene Aramaic Texts (Baruch A. Levine)The Safaitic Inscriptions at Dura Europos (Michael C. A. Macdonald); Zwei palmyrenische Relieffragmente (Christa Mu?ller-Kessler); Zu palmyrenischen Inschriften auf Reliefs (Klaus Parlasca); Palmyrene Burial Practices From Funerary Goods (Kiyohide Saito); A New Tessera From Palmyra. Questions of Iconography and Epigraphy (Andreas Schmidt-Colinet and Khaled al-As'ad); Palmyra in the Third Century (Javier Teixidor); Bibliography; List of Figures and Plates; General Index; Epigraphical Index 330 $aA Journey to Palmyra originates from the desire to remember Delbert R. Hillers, who greatly contributed with his work to Palmyrene studies. However, it is not meant just as a memorial volume, but as a research tool. It contains thirteen papers by scholars in the field of Palmyrene studies and Semitics focusing on different aspects of Palmyrene history, social history, art, archaeology and philology, with publication of newly discovered inscriptions. It offers a state-of-the-art discussion on several issues pertaining to the field of Palmyrene studies, and illustrates methodologies to be employed in order to increase our knowledge of the complex and multifaceted culture of ancient Palmyra and of neighbouring areas. 410 0$aCulture and History of the Ancient Near East ;$v22. 517 3 $aCollected Essays to Remember Delbert R. Hillers 606 $aAntiquities 606 $aCivilization 606 $aInscriptions$zSyria$zTadmur 607 $aTadmur (Syria)$xCivilization 607 $aTadmur (Syria)$xAntiquities 615 0$aAntiquities. 615 0$aCivilization. 615 0$aInscriptions 676 $a939/.43 702 $aCussini$b Eleonora 801 0$bNL-LeKB 801 1$bNL-LeKB 906 $aBOOK 912 $a9910784197403321 996 $aA Journey to Palmyra$93751167 997 $aUNINA LEADER 02835oam 2200625 c 450 001 9910794293203321 005 20220221094418.0 010 $a3-657-70495-7 024 7 $a10.30965/9783657704958 035 $a(CKB)4100000011352725 035 $z(OCoLC)1159760011 035 $a(nllekb)BRILL9783657704958 035 $a(MiAaPQ)EBC6539009 035 $a(Au-PeEL)EBL6539009 035 $a(OCoLC)1246577485 035 $a(Brill | Scho?ningh)9783657704958 035 $a(EXLCZ)994100000011352725 100 $a20220221d2020 uy 0 101 0 $aeng 135 $aurun| uuuua 181 $ctxt$2rdacontent 182 $cc$2rdamedia 183 $2rdacarrier 200 10$aAmbiguity in Emily Bronte?'s "Wuthering Heights"$fLisa Ebert 205 $a1st ed. 210 $aPaderborn$cBrill | Scho?ningh$d2020 215 $a1 online resource 225 0 $aBeitra?ge zur englischen und amerikanischen Literatur$v39 311 $a3-506-70495-8 320 $aIncludes bibliographical references and index. 330 $aSince its publication, Emily Bronte?'s Wuthering Heights has given rise to an unusual plurality of interpretations, leading to the impression that the novel somehow resists interpretation. The author offers a new reading of the novel that takes this effect into account by investigating its reason: ambiguity is a thematic focal point and structural key element of the novel. This study is concerned with the ambiguity of Wuthering Heights which arises through a complex interplay of distinct but interdependent ambiguities of perception, narration, and the narrated world. In particular, it shows how specific ambiguous utterances (e.g. a clash of implicatures and presuppositions) are linked with each other and contribute to the global ambiguity of the text. In this way, not only the function of ambiguity for understanding Wuthering Heights is explored but also the function of Wuthering Heights for understanding ambiguity. The book should thus be of interest not only to Bronte? scholars and Victorianists but also to literary scholars and linguists in general. 410 0$aBeitra?ge zur englischen und amerikanischen Literatur ;$v39. 606 $anarration 606 $aperception 606 $aVictorian 606 $aliterature 606 $alinguistics 606 $ainterpretation 606 $anovel 615 4$anarration 615 4$aperception 615 4$aVictorian 615 4$aliterature 615 4$alinguistics 615 4$ainterpretation 615 4$anovel 676 $a420 700 $aEbert$b Lisa$4aut$01497843 801 0$bMiAaPQ 801 1$bMiAaPQ 801 2$bMiAaPQ 906 $aBOOK 912 $a9910794293203321 996 $aAmbiguity in Emily Bronte?'s "Wuthering Heights"$93723122 997 $aUNINA